000 00464nmm a2200157Ia 4500
008 251105s9999||||xx |||||||||||||||||und||
020 _a9789587713404
041 _aspa
100 _aGarcía, David
245 0 _aElaboraciones básicas para pastelería repostería (2a. ed.)
264 _a[Bogotá, Colombia] :
_bEcoe Ediciones,
_c2016
300 _a232 páginas
650 _aCooking
856 _uhttps://public.digitaliapublishing.com/a/70597
942 _cCF
999 _c96205
_d96205